England's World Cup opponents - Statistics

General Stats
  • This quiz has been taken 1,790 times
    434 since last reset
  • The average score is 58 of 74
Answer Stats
Tournament (Stage) Answer % Correct
1966 (group) France
98%
1982 (group) France
98%
2022 (quarter finals) France
98%
1950 (group) United States
97%
2010 (group stage) United States
97%
2022 (group stage) United States
97%
2010 (last 16) Germany
95%
2018 (group stage) Belgium
94%
2018 (3rd place playoff) Belgium
94%
1962 (group) Argentina
93%
1966 (quarter final) Argentina
93%
1986 (quarter finals) Argentina
93%
1998 (last 16) Argentina
93%
2002 (group stage) Argentina
93%
1958 (group) Brazil
93%
1962 (quarter finals) Brazil
93%
1970 (group) Brazil
93%
2002 (quarter finals) Brazil
93%
1990 (3rd place playoff) Italy
92%
2014 (group stage) Italy
92%
1954 (group) Belgium
91%
1990 (last 16) Belgium
91%
1966 (semi final) Portugal
90%
1986 (group) Portugal
90%
2006 (quarter finals) Portugal
90%
1950 (group) Spain
90%
1982 (second round) Spain
90%
2002 (group stage) Sweden
90%
2006 (group stage) Sweden
90%
2018 (quarter finals) Sweden
90%
1954 (quarter finals) Uruguay
90%
1966 (group) Uruguay
90%
2014 (group stage) Uruguay
90%
2018 (semi finals) Croatia
89%
2022 (group stage) Wales
88%
1958 (group) Soviet Union
86%
1958 ("play-off") Soviet Union
86%
2018 (last 16) Colombia
84%
1990 (group) Netherlands
84%
2002 (last 16) Denmark
80%
1966 (group) Mexico
78%
1998 (group stage) Colombia
77%
2022 (group stage) Iran
77%
2022 (last 16) Senegal
76%
1950 (group) Chile
74%
2018 (group stage) Panama
74%
1986 (group) Poland
74%
1990 (group) Republic of Ireland
74%
1990 (quarter finals) Cameroon
70%
2014 (group stage) Costa Rica
70%
1962 (group) Hungary
70%
1954 (group) Switzerland
69%
2018 (group stage) Tunisia
69%
1998 (group stage) Tunisia
68%
1958 (group) Austria
65%
2002 (group stage) Nigeria
64%
1966 (final) West Germany
64%
1970 (quarter finals) West Germany
64%
1982 (second round) West Germany
64%
1990 (semi finals) West Germany
64%
1990 (group) Egypt
63%
1986 (last 16) Paraguay
61%
2006 (group stage) Paraguay
61%
2006 (last 16) Ecuador
60%
2010 (group stage) Slovenia
60%
2010 (group stage) Algeria
59%
1986 (group) Morocco
59%
1970 (group) Romania
59%
1998 (group stage) Romania
59%
1970 (group) Czechoslovakia
53%
1982 (group) Czechoslovakia
53%
1962 (group) Bulgaria
51%
2006 (group stage) Trinidad and Tobago
41%
1982 (group) Kuwait
24%
No matching quizzes found
Score Distribution
Percent of People with Each Score
Percentile by Number Answered
Your Score History
You have not taken this quiz since the last reset